[Event "HUN-ch Rapid 2020"]
[Site "Ajka"]
[Date "2020.07.17"]
[Round "4.22"]
[White "Zentai, Peter"]
[Black "Mihalyfi, Gabor"]
[Result "1-0"]
[WhiteElo "2304"]
[BlackElo "1950"]
[Annotator "TA"]
[PlyCount "79"]
[EventDate "2020.07.17"]
[EventType "rapid"]
[EventCountry "HUN"]
[SourceTitle "playchess.com"]
[Source "ChessBase"]
[SourceQuality "1"]

{[%evp 9,79,38,45,39,37,37,41,-85,39,35,41,39,44,37,60,48,116,109,118,112,137,96,134,133,170,156,156,143,145,137,195,197,216,191,216,211,229,200,227,222,327,335,341,335,321,310,405,398,403,405,399,381,448,445,445,442,430,395,387,392,775,775,727,755,779,768,851,804,1115,1045,29988,29989]} 1. d4 c5 2. d5 Nf6 3. c4 b5 4. Qc2 d6 5. e4 bxc4 6. Bxc4 {A57: Benko/Volga Gambit.} g6 7. Nf3 Nbd7 8. b3 (8. Nc3 $14 {keeps the upper hand.}) 8... Bg7 (8... Nxe4 $1 $17 9. Bb2 (9. Qxe4 $2 Bg7 $17) 9... Nef6) 9. Bb2 $14 O-O 10. O-O a5 11. Nc3 Ba6 12. Nd2 {[#]} Ne5 $146 {[#] Black is now going downhill.} (12... Ne8 $14) ({Predecessor:} 12... Nb6 13. Nd1 Bxc4 14. bxc4 Qd7 15. Nc3 a4 16. Rab1 Rfb8 17. e5 Ne8 18. Nce4 dxe5 19. Nxc5 {1-0 (42) Ceponis,T (1991)-Semjonovs,I (1790) Palanga 2014}) 13. Bxa6 $1 $16 Rxa6 14. Na4 Ned7 15. Nc4 Qc7 16. Rad1 Raa8 17. Rfe1 Ng4 18. Bxg7 Kxg7 19. f4 Rab8 (19... f6 $16 {keeps fighting.} 20. Rd3 Nh6) 20. Qc3+ $18 Kg8 21. Nxa5 Ra8 {[#]} 22. Nc4 $1 Rfb8 23. h3 Ngf6 24. e5 dxe5 (24... Ne8 {was called for.} 25. Qf3 Rb4) 25. fxe5 Nh5 26. e6 fxe6 27. Rxe6 Ndf6 28. d6 exd6 29. Rxf6 Nxf6 30. Qxf6 d5 31. Rxd5 {Black must now prevent Ne5.} Rf8 32. Qe6+ Kh8 33. Qe5+ Qxe5 34. Rxe5 Rfe8 $2 (34... Rf5 35. Re7 Kg8) 35. Rxe8+ Rxe8 36. Nxc5 Kg7 37. Kf2 Kf6 38. a4 {[%cal Ba2a4,Ba4a5][%mdl 32]} h5 39. a5 Rb8 40. Nd7+ {[%mdl 64] Double Attack. Accuracy: White = 83%, Black = 37%.} 1-0

[Event "HUN-ch Rapid 2020"]
[Site "Ajka"]
[Date "2020.07.17"]
[Round "4.23"]
[White "Persanyi, Barnabas"]
[Black "Kiss, Pal"]
[Result "1/2-1/2"]
[WhiteElo "2370"]
[BlackElo "2266"]
[Annotator "TA"]
[PlyCount "46"]
[EventDate "2020.07.17"]
[EventType "rapid"]
[EventCountry "HUN"]
[SourceTitle "playchess.com"]
[Source "ChessBase"]
[SourceQuality "1"]

{[%evp 20,46,9,-8,0,-8,14,-3,16,3,6,3,0,-11,-23,-20,21,-10,-10,-16,-10,-20,-14,-35,-17,-27,-23,-18,-26]} 1. b3 d5 2. Nf3 Nf6 3. Bb2 c6 4. g3 Bg4 5. Bg2 e6 6. O-O Be7 7. d3 O-O 8. Nbd2 Nbd7 9. c4 a5 10. a3 Qb6 11. Qc2 Rfc8 {A12: English Opening: 1...c6 with b3 by White.} 12. Bc3 Qd8 13. Qb2 {[#]} Qf8 $146 ({Predecessor:} 13... Bf8 14. b4 axb4 15. axb4 c5 16. bxc5 Nxc5 17. Bxf6 gxf6 18. cxd5 exd5 19. Nd4 Bh6 {1-0 (32) Danielsen,H (2492)-Piscopo,P (2380) Beijing 2008}) 14. h3 Bh5 15. Rfe1 b5 16. cxb5 cxb5 17. a4 Bb4 18. Rec1 (18. Bxb4 {seems wilder.} Qxb4 19. g4 Bg6 20. Rec1 h6 21. Rxc8+ Rxc8 22. axb5 Qxb5 23. Qa2) 18... Bxc3 19. Rxc3 Bxf3 20. Nxf3 b4 21. Rxc8 Rxc8 22. Rc1 Rxc1+ 23. Qxc1 Qc5 {A rather calm draw. Accuracy: White = 87%, Black = 90%.} 1/2-1/2

[Event "HUN-ch Rapid 2020"]
[Site "Ajka"]
[Date "2020.07.17"]
[Round "4.24"]
[White "Nemeth, Zoltan"]
[Black "Lejer, Sandor"]
[Result "1-0"]
[WhiteElo "2210"]
[BlackElo "1903"]
[Annotator "NA"]
[PlyCount "41"]
[EventDate "2020.07.17"]
[EventType "rapid"]
[EventCountry "HUN"]
[SourceTitle "playchess.com"]
[Source "ChessBase"]
[SourceQuality "1"]

1. Nf3 Nf6 2. g3 d6 3. d4 c6 4. Bg2 Bg4 5. b3 Qc8 6. h3 Bd7 7. Bb2 Na6 8. c4 Nc7 9. Nc3 e6 10. e4 Be7 11. e5 Ng8 12. O-O b5 13. exd6 Bxd6 14. cxb5 cxb5 15. d5 e5 16. Ne4 Qa6 17. Nxd6+ Qxd6 18. Bxe5 Qh6 19. Bxc7 Bxh3 20. Re1+ Kd7 21. Bf4 1-0

[Event "HUN-ch Rapid 2020"]
[Site "Ajka"]
[Date "2020.07.17"]
[Round "4.25"]
[White "Kovacsy, Barnabas"]
[Black "Hardicsay, Peter"]
[Result "1/2-1/2"]
[WhiteElo "2143"]
[BlackElo "2205"]
[Annotator "NA"]
[PlyCount "81"]
[EventDate "2020.07.17"]
[EventType "rapid"]
[EventCountry "HUN"]
[SourceTitle "playchess.com"]
[Source "ChessBase"]
[SourceQuality "1"]

1. e4 c5 2. Nf3 Nc6 3. d4 cxd4 4. Nxd4 e5 5. Nb5 d6 6. N1c3 Nf6 7. Bg5 a6 8. Na3 b5 9. Nd5 Be7 10. Bxf6 Bxf6 11. c3 Ne7 12. Nc2 Nxd5 13. Qxd5 Be6 14. Qc6+ Ke7 15. Ne3 Qd7 16. Nd5+ Bxd5 17. Qxd5 Rac8 18. Rd1 Rc5 19. Qxc5 dxc5 20. Rxd7+ Kxd7 21. Kd2 Kc6 22. Kc2 Rd8 23. Be2 Bg5 24. Rd1 Rxd1 25. Bxd1 c4 26. Be2 Kc5 27. g3 a5 28. Bg4 Kc6 29. Be2 Kc5 30. Bg4 Bd8 31. Bd7 Bc7 32. Be8 f6 33. Bf7 b4 34. Bg8 h6 35. b3 cxb3+ 36. axb3 Bb6 37. f3 Kd6 38. cxb4 axb4 39. g4 Bf2 40. Bh7 Kc5 41. Kd3 1/2-1/2

[Event "HUN-ch Rapid 2020"]
[Site "Ajka"]
[Date "2020.07.18"]
[Round "5.1"]
[White "Balog, Imre"]
[Black "Kaczur, Florian"]
[Result "1/2-1/2"]
[WhiteElo "2567"]
[BlackElo "2507"]
[Annotator "TA"]
[PlyCount "85"]
[EventDate "2020.07.17"]
[EventType "swiss"]
[EventCountry "HUN"]
[SourceTitle "playchess.com"]
[Source "ChessBase"]
[SourceQuality "1"]

{[%evp 9,85,18,15,9,16,5,12,16,7,16,24,18,23,24,38,20,35,16,9,16,15,15,9,-15,0,-11,-10,-7,-4,-13,0,-16,-9,-7,-8,-23,-8,-29,-12,-35,-18,-29,0,-29,-28,-18,-5,-9,-8,-1,73,0,39,33,18,0,76,67,115,116,115,59,170,164,180,183,146,28,77,0,0,0,0,0,0,0,0,0]} 1. d4 Nf6 2. c4 e6 3. Nf3 Ne4 4. g3 Bb4+ 5. Bd2 Nxd2 {[#]} 6. Nfxd2 $146 {E10: Blumenfeld Gambit.} ({Predecessor:} 6. Nbxd2 b6 7. Bg2 Bb7 8. O-O O-O 9. a3 Be7 10. Qc2 f5 11. e4 f4 12. b4 {0-1 (34) Colino Labrador,A-Raya Bailen,M Valladolid 1980}) 6... O-O 7. Bg2 Be7 8. Nc3 d6 9. O-O Nd7 10. b4 e5 11. e3 a5 12. a3 Re8 13. Rb1 axb4 14. axb4 exd4 15. exd4 Nf6 16. Qc2 Bf8 17. b5 g6 18. Rbe1 Bg7 19. Rxe8+ Qxe8 20. Qc1 Qd8 21. Re1 Rb8 22. h3 Bd7 23. Nb3 c6 24. Qa3 cxb5 25. cxb5 Qc7 26. Rc1 Bh6 27. f4 Qb6 28. Qa5 $36 {[%mdl 2048] White has good play.} Qxa5 29. Nxa5 b6 (29... Nh5 $11) 30. Nc4 ({White should try} 30. Nc6 $1 $16 {[%cal Rc6b8]} Re8 31. Na4) 30... Bf8 31. g4 Be6 32. Na4 (32. Ne3 {is more complex.} Bg7 33. Rd1 h5 34. g5 Ne8 35. h4) 32... Bxc4 (32... Bg7 $11 {keeps the balance.}) 33. Rxc4 $16 d5 34. Rc6 Bg7 35. Kf1 (35. Nxb6 $6 Nxg4 36. hxg4 Bxd4+ 37. Kh2 Rxb6 $11) (35. Rxb6 $6 Rxb6 36. Nxb6 Nxg4 $11) (35. Kh2 $1 $16) 35... h5 {[#]} (35... Ra8 $14 36. Nc3 (36. Nxb6 Ra1+ 37. Kf2 Ne4+ {[%mdl 64] Discovered Attack} 38. Bxe4 Bxd4+ 39. Ke2 dxe4 $11) 36... h5) 36. g5 $1 $18 {[%cal Rg5f6]} ({Don't play} 36. Nxb6 $6 hxg4 37. Rc8+ (37. Nxd5 Nxd5 38. Bxd5 Rxb5 $11) 37... Rxc8 $14) 36... Ne4 {[#]} 37. Bxe4 $1 ({Don't take} 37. Nxb6 $6 Bxd4 38. Rc8+ Rxc8 $14) ({Weaker is} 37. Rxb6 Ng3+ 38. Ke1 Re8+ 39. Kd1 Nf5 $11) 37... dxe4 38. Rxb6 {KRB-KRN} ({Better is} 38. d5 $16 Bd4 39. Rc4) 38... Rd8 $11 39. Nc5 (39. d5 $16) 39... Bxd4 {The position is equal.} 40. Rc6 Bxc5 41. Rxc5 Rd3 42. Kg2 Rb3 43. Re5 {Accuracy: White = 84%, Black = 78%.} 1/2-1/2

[Event "HUN-ch Rapid 2020"]
[Site "Ajka"]
[Date "2020.07.18"]
[Round "5.2"]
[White "Nagy, Gabor"]
[Black "Kozak, Adam"]
[Result "1/2-1/2"]
[WhiteElo "2502"]
[BlackElo "2503"]
[Annotator "RC"]
[PlyCount "72"]
[EventDate "2020.07.17"]
[EventType "swiss"]
[EventCountry "HUN"]
[SourceTitle "playchess.com"]
[Source "ChessBase"]
[SourceQuality "1"]
[TimeControl "900+10"]

1. d4 {[%emt 0:00:04]} Nf6 {[%emt 0:00:02]} 2. Nf3 {[%emt 0:00:08]} d5 {[%emt 0:00:09]} 3. c4 {[%emt 0:00:06]} e6 {[%emt 0:00:03]} 4. Nc3 {[%emt 0:00:03]} Nbd7 {[%emt 0:00:07]} 5. cxd5 {[%emt 0:00:12]} exd5 {[%emt 0:00:02]} 6. Bf4 {[%emt 0:00:05]} c6 {[%emt 0:00:19]} 7. Qc2 {[%emt 0:00:02]} Nh5 {[%emt 0:01:10]} 8. Bd2 {[%emt 0:00:02]} g6 {[%emt 0:00:49]} 9. g4 {[%emt 0:00:53]} Nhf6 {[%emt 0:00:04]} 10. g5 {[%emt 0:01:11]} Nh5 {[%emt 0:00:14]} 11. e4 {[%emt 0:00:25]} Nb6 {[%emt 0:01:50]} 12. O-O-O {[%emt 0:00:16]} Be7 {[%emt 0:00:42]} 13. Rg1 {[%emt 0:01:36]} O-O {[%emt 0:00:25]} 14. Ne5 {[%emt 0:00:29]} dxe4 {[%emt 0:00:37]} 15. Nxe4 {[%emt 0:00:27]} Bf5 {[%emt 0:00:18]} 16. Bd3 {[%emt 0:00:34]} Qxd4 {[%emt 0:05:31]} 17. Bc3 {[%emt 0:00:05]} Qa4 {[%emt 0:00:02]} 18. b3 {[%emt 0:00:12]} Qa3+ {[%emt 0:00:01]} 19. Kb1 {[%emt 0:00:02]} Rfd8 {[%emt 0:01:27]} 20. Ng3 {[%emt 0:04:29]} Bxd3 {[%emt 0:01:25]} 21. Nxd3 {[%emt 0:00:05]} Nxg3 {[%emt 0:00:31]} 22. hxg3 {[%emt 0:00:11]} Bxg5 {[%emt 0:00:43]} 23. f4 {[%emt 0:00:18]} Bh6 {[%emt 0:01:33]} 24. Rh1 {[%emt 0:00:48]} Qf8 {[%emt 0:00:03]} 25. Qh2 {[%emt 0:01:26]} Nd5 {[%emt 0:00:36]} 26. Bd4 {[%emt 0:00:01]} c5 {[%emt 0:00:26]} 27. Nxc5 {[%emt 0:00:01]} Rac8 {[%emt 0:00:09]} 28. Ne4 {[%emt 0:00:29]} f5 {[%emt 0:00:06]} 29. Ng5 {[%emt 0:00:31]} Rd7 {[%emt 0:00:11]} 30. Bb2 {[%emt 0:00:48]} Nc3+ {[%emt 0:00:11]} 31. Bxc3 {[%emt 0:00:02]} Rxd1+ {[%emt 0:00:01]} 32. Rxd1 {[%emt 0:00:02]} Bxg5 {[%emt 0:00:01]} 33. Rd7 {[%emt 0:00:20]} Bh6 {[%emt 0:00:31]} 34. Qd2 {[%emt 0:00:01]} Qc5 {[%emt 0:00:06]} 35. Kb2 {[%emt 0:02:18]} Bf8 {[%emt 0:00:02]} 36. b4 {[%emt 0:00:03]} Qc4 {[%emt 0:00:11]} 1/2-1/2

[Event "HUN-ch Rapid 2020"]
[Site "Ajka"]
[Date "2020.07.18"]
[Round "5.3"]
[White "Aczel, Gergely"]
[Black "Almasi, Zoltan"]
[Result "1-0"]
[WhiteElo "2511"]
[BlackElo "2687"]
[Annotator "TA"]
[PlyCount "125"]
[EventDate "2020.07.17"]
[EventType "swiss"]
[EventCountry "HUN"]
[SourceTitle "playchess.com"]
[Source "ChessBase"]
[SourceQuality "1"]

{[%evp 9,125,14,56,17,27,17,27,25,64,45,63,46,54,45,70,55,66,25,34,27,34,16,106,115,195,187,183,184,177,169,211,205,210,232,202,141,140,133,202,198,265,244,373,161,158,138,129,129,103,96,85,68,89,95,89,51,69,70,108,89,113,8,8,8,8,8,8,0,0,0,8,8,8,8,33,0,6,0,0,0,87,86,284,0,0,0,0,0,40,0,37,0,0,0,0,0,0,0,0,0,29970,29969,29968,29969,29970,29971,29985,29986,29983,29979,29979,29972,29981,29976,29976,29976,29976,12835]} 1. d4 Nf6 2. c4 g6 3. f3 Nc6 4. d5 Ne5 5. e4 d6 6. Nc3 {E60: King's Indian: Unusual lines and Fianchetto Variation without Nc3.} Bg7 7. f4 Ned7 8. Nh3 {White has an edge.} c6 9. Nf2 Qb6 {[#]} 10. Be2 $146 ({Predecessor:} 10. Na4 Qc7 11. Be2 b5 12. dxc6 bxa4 13. cxd7+ Bxd7 14. Be3 Bc6 15. Bf3 Nd7 16. Rb1 {½-½ (51) Goganov,A (2509)-Timofeev,A (2641) Samara 2012}) 10... O-O 11. O-O Re8 12. Kh1 a6 13. Qd3 Nc5 14. Qc2 cxd5 15. cxd5 Bd7 (15... e6 $11) 16. Be3 $16 Rac8 (16... h5 $16) 17. e5 $18 Nh5 18. g4 Nxf4 19. Bxf4 dxe5 20. Be3 Qb4 21. a3 Qb3 22. Qxb3 Nxb3 23. Rad1 f5 (23... Nd4 $16 {was worth a try.}) 24. gxf5 gxf5 (24... Bxf5 $142 25. Bd3 Nd4) 25. Rg1 Kh8 {[#]} (25... f4 {keeps fighting.}) 26. Bh5 (26. Rxg7 $142 $1 Kxg7 27. Rg1+ Kh8 28. Nd3) 26... Rg8 27. Bg5 Bf6 28. Bxf6+ exf6 29. Rxg8+ Kxg8 30. Nd3 Kf8 31. Kg1 Ke7 32. Kf2 {Black must now prevent d6+.} Kd6 33. Rg1 Na5 34. Rg7 {Hoping for Rf7.} Nc4 {Black wants to play ...Nxb2.} 35. Rf7 (35. b4 $16 {Strongly threatening Nc5!} b6 36. Ne2 (36. Rxh7 Nxa3 37. Ne2 Bb5 $16)) 35... Nxb2 $1 $11 36. Rxf6+ Ke7 37. Rf7+ {[%mdl 64] Double Attack} Kd6 $132 {[%mdl 2048] Black has counterplay} 38. Rf6+ Ke7 39. Rf7+ {[%mdl 64] Double Attack} Kd6 40. Nxb2 Rxc3 41. Be2 {Nc4+ is the strong threat.} b5 42. Rxh7 e4 43. Rf7 Rxa3 44. Nd1 Bc8 (44... Rh3 $11) 45. Ne3 $16 Ke5 $2 (45... Rc3 $16) 46. Re7+ $2 (46. Rc7 $18 f4 47. Nc2) 46... Kd6 $11 47. Re8 Bd7 48. Rf8 Ke5 49. Rf7 (49. Rd8 $5 {[%cal Rd8d7]} f4 50. Ng2 $14) 49... f4 50. Rxd7 Rxe3 $14 {[%mdl 4096] Endgame KRB-KR} 51. d6 {And now Rd8 would win.} Rh3 52. Kg2 f3+ 53. Kxh3 fxe2 $11 {KR-KP} 54. Re7+ Kf4 $2 {[%mdl 8192]} (54... Kf5 $11 55. Rf7+ (55. d7 e1=Q $11) 55... Kg6) 55. d7 {White mates.} e1=Q {KQ-KR} 56. Rf7+ Ke3 57. d8=Q Ke2 58. Qd4 e3 59. Qg4+ Kd3 60. Rd7+ Kc3 61. Qd4+ Kb3 62. Qd3+ Kb2 63. Re7 {Accuracy: White = 72%, Black = 55%.} (63. Rg7 $142 e2 {[#]} 64. Rg2 $1 {[%mdl 512]} Qf1 65. Qxe2+ Qxe2 66. Rxe2+ Ka1 67. Re1+ Kb2 68. Kg4) 1-0

[Event "HUN-ch Rapid 2020"]
[Site "Ajka"]
[Date "2020.07.18"]
[Round "5.4"]
[White "Balogh, Csaba"]
[Black "Ruck, Robert"]
[Result "1/2-1/2"]
[WhiteElo "2580"]
[BlackElo "2540"]
[Annotator "TA"]
[PlyCount "33"]
[EventDate "2020.07.17"]
[EventType "swiss"]
[EventCountry "HUN"]
[SourceTitle "playchess.com"]
[Source "ChessBase"]
[SourceQuality "1"]

{[%evp 14,33,22,0,0,0,0,0,0,0,0,-10,-3,-5,-14,-18,-37,-38,-50,-61,-33,-80]} 1. e4 c6 2. d4 d5 3. exd5 cxd5 4. Bd3 Nc6 5. c3 Nf6 6. h3 e5 7. dxe5 Nxe5 8. Bb5+ Bd7 {B13: Caro-Kann: Exchange Variation and Panov-Botvinnik Attack.} 9. Bxd7+ Qxd7 10. Nf3 Nxf3+ {The position is equal.} 11. Qxf3 Qe6+ 12. Qe2 Bc5 13. Qxe6+ fxe6 14. Ke2 {[#]} O-O $146 {[#] And now ...Ne4 would win.} ({Predecessor:} 14... Ne4 15. Be3 Bxe3 16. Kxe3 O-O 17. f3 Nd6 18. Nd2 Rac8 19. Rhe1 Nc4+ 20. Nxc4 Rxc4 {½-½ (72) Avramovic,Z (2238)-Komnenic,B (2313) Serbia 2008}) 15. Be3 {Black is slightly better.} Bxe3 16. Kxe3 e5 (16... d4+ $5 17. cxd4 Nd5+ 18. Ke2 Nf4+ 19. Kf1 Rad8 $17) 17. f3 {White took control after the opening. Accuracy: White = 85%, Black = 86%.} 1/2-1/2

[Event "HUN-ch Rapid 2020"]
[Site "Ajka"]
[Date "2020.07.18"]
[Round "5.5"]
[White "Korpa, Bence"]
[Black "Papp, Gabor"]
[Result "1/2-1/2"]
[WhiteElo "2545"]
[BlackElo "2602"]
[Annotator "TA"]
[PlyCount "40"]
[EventDate "2020.07.17"]
[EventType "swiss"]
[EventCountry "HUN"]
[SourceTitle "playchess.com"]
[Source "ChessBase"]
[SourceQuality "1"]

{[%evp 16,40,15,4,3,0,24,0,0,-29,-26,-28,22,0,0,0,24,39,77,39,95,54,51,34,46,0,33]} 1. g3 c5 2. Bg2 g6 3. e4 Bg7 4. d3 Nc6 5. f4 e6 6. Nf3 Nge7 7. O-O O-O 8. c3 d5 9. Be3 d4 {B20: Sicilian: Unusual White 2nd moves.} 10. Bf2 dxc3 11. bxc3 b6 {[#]} 12. Qe2 $146 ({Predecessor:} 12. d4 cxd4 13. cxd4 Bb7 14. Re1 Qd7 15. Nc3 Na5 16. Rc1 Rac8 17. Ne5 Bxe5 18. fxe5 {1-0 (42) Strikovic,A (2520)-Gillis,D Dos Hermanas 2004}) 12... Ba6 13. Rd1 Qc7 14. a4 Rfd8 15. e5 Nd5 16. Ng5 Rd7 17. Ne4 c4 (17... Rad8 $1 $14) 18. d4 Na5 19. Qf3 Bb7 20. Qe2 Rad8 {Accuracy: White = 64%, Black = 64%.} 1/2-1/2

[Event "HUN-ch Rapid 2020"]
[Site "Ajka"]
[Date "2020.07.18"]
[Round "5.6"]
[White "Meszaros, Tamas"]
[Black "Antal, Gergely"]
[Result "0-1"]
[WhiteElo "2378"]
[BlackElo "2571"]
[Annotator "TA"]
[PlyCount "70"]
[EventDate "2020.07.17"]
[EventType "swiss"]
[EventCountry "HUN"]
[SourceTitle "playchess.com"]
[Source "ChessBase"]
[SourceQuality "1"]

{[%evp 9,70,-2,0,0,0,10,6,-72,-84,-73,-48,-59,-39,-64,-47,-171,-158,-162,-163,-204,-154,-166,-75,-132,-138,-135,-62,-40,-56,-57,-6,-27,-11,-15,12,0,138,151,126,121,260,232,283,0,0,0,0,0,0,0,43,45,53,67,321,0,0,0,0,-241,-233,-29998,-29999]} 1. e4 c6 2. Nf3 d5 3. exd5 cxd5 4. Ne5 Nc6 5. Bb5 Bd7 6. Nxd7 {B10: Caro-Kann: 2 d3 and 2 c4.} Qxd7 7. d4 a6 8. Bd3 {[#]} (8. Be2 $11 {remains equal.}) 8... Nxd4 $146 ({Predecessor:} 8... e5 9. dxe5 Nxe5 10. Qe2 Bd6 11. Bf4 Qe6 12. Nd2 Nxd3+ 13. cxd3 Qxe2+ 14. Kxe2 Bxf4 {0-1 (36) Warmer,D (867)-Loechtenboerger,C (852) Rotenburg/Wuemme 2007}) 9. Bxh7 Rxh7 10. Qxd4 Nf6 11. O-O Rc8 12. Qd3 {[#]} ({White should play} 12. Re1 $15) 12... Qc7 $1 $19 {[%csl Gh7][%cal Rc7h2][%mdl 512]} 13. h3 Qxc2 14. Qf3 e6 {Strongly threatening ...Qxc1.} 15. Nc3 Bb4 (15... Be7 $19 {has better winning chances.} 16. Rd1 Rh4) 16. Ne2 (16. Be3 $142 Qxb2 17. Rfb1) 16... Qe4 $17 17. Qb3 Qxe2 ({Better is} 17... Rc4 $17 18. Be3 Qc2 19. Qxc2 Rxc2) 18. Qxb4 $15 Qb5 $1 {[%cal Rb5b4]} 19. Qf4 Nd7 (19... Rh5 $15) 20. b3 $11 f6 21. Ba3 Kf7 22. Qd6 Nc5 (22... Re8 $11) 23. Rac1 $1 $16 {[%cal Rc1c5]} b6 {With the idea ...Rhh8.} 24. Rfe1 ({Don't play} 24. Bxc5 $6 bxc5 25. Rfe1 Qe8 $14) 24... Rc6 {[#]} (24... Rh4 $16) 25. Qd8 $1 $18 a5 {[#]} 26. Bxc5 $2 ({Only move:} 26. Rcd1 $1 $18 {[%cal Rd1d5] Hoping for Rxd5!} Rh5 27. f4) 26... Rxc5 $11 27. Rxc5 Qxc5 $18 {[%mdl 4096] Endgame KQR-KQR} 28. Qd7+ $1 Qe7 29. Qc8 Rh4 30. Rc1 {[%mdl 1024] White has compensation.} Kg6 31. Rc7 Qb4 $2 {[%mdl 8192]} ({Black should try} 31... Qd6 $1 $14) 32. Qe8+ $2 ({White must play} 32. Qxe6 $18 Rh7 33. Rd7) 32... Kf5 $11 {...Qe1+ is the strong threat.} 33. g4+ Ke5 34. Rc1 $2 (34. Rc6 $11 {and White is okay.} Rxg4+ 35. hxg4 Qxg4+ 36. Kh2 Qf4+ 37. Kh1 Qh4+ 38. Kg2 Qg4+ 39. Kf1 Qd1+ 40. Kg2 Qg4+ 41. Kh2 Qh4+ 42. Kg2 Qg4+) 34... Rxh3 $19 35. Kg2 $2 (35. Qb8+ $19 Ke4 36. Qc8) 35... Qxg4+ {A wild game. Accuracy: White = 64%, Black = 43%.} 0-1

[Event "HUN-ch Rapid 2020"]
[Site "Ajka"]
[Date "2020.07.18"]
[Round "5.7"]
[White "Krstulovic, Alex"]
[Black "Czebe, Attila"]
[Result "0-1"]
[WhiteElo "2338"]
[BlackElo "2367"]
[Annotator "RC"]
[PlyCount "94"]
[EventDate "2020.07.17"]
[EventType "swiss"]
[EventCountry "HUN"]
[SourceTitle "playchess.com"]
[Source "ChessBase"]
[SourceQuality "1"]
[TimeControl "900+10"]

1. d4 {[%emt 0:00:03]} d6 {[%emt 0:00:31]} 2. Nf3 {[%emt 0:00:03]} Nf6 {[%emt 0:00:07]} 3. c4 {[%emt 0:00:02]} g6 {[%emt 0:00:01]} 4. Nc3 {[%emt 0:00:01]} Bf5 {[%emt 0:00:01]} 5. Ng5 {[%emt 0:00:03]} Bd7 {[%emt 0:00:13]} 6. f4 {[%emt 0:00:03]} Bg7 {[%emt 0:00:10]} 7. e4 {[%emt 0:00:01]} O-O {[%emt 0:00:02]} 8. e5 {[%emt 0:00:08]} Ne8 {[%emt 0:00:09]} 9. h4 {[%emt 0:00:01]} h6 {[%emt 0:04:14]} 10. h5 {[%emt 0:02:25]} hxg5 {[%emt 0:00:03]} 11. h6 {[%emt 0:00:00]} Bh8 {[%emt 0:00:14]} 12. h7+ {[%emt 0:00:02]} Kg7 {[%emt 0:00:01]} 13. f5 {[%emt 0:00:45]} Bxf5 {[%emt 0:00:26]} 14. Bxg5 {[%emt 0:01:08]} f6 {[%emt 0:00:00]} 15. Bh6+ {[%emt 0:00:37]} Kf7 {[%emt 0:00:01]} 16. g4 {[%emt 0:00:38]} Bc8 {[%emt 0:00:18]} 17. Bxf8 {[%emt 0:02:20]} Kxf8 {[%emt 0:00:01]} 18. Qc2 {[%emt 0:00:05]} f5 {[%emt 0:00:49]} 19. gxf5 {[%emt 0:01:07]} Bxf5 {[%emt 0:00:01]} 20. Bd3 {[%emt 0:00:00]} Ng7 {[%emt 0:00:03]} 21. O-O-O {[%emt 0:00:13]} e6 {[%emt 0:05:25]} 22. d5 {[%emt 0:01:26]} Nd7 {[%emt 0:00:09]} 23. exd6 {[%emt 0:01:32]} Ne5 {[%emt 0:01:04]} 24. Bxf5 {[%emt 0:00:11]} exf5 {[%emt 0:00:09]} 25. dxc7 {[%emt 0:00:44]} Qxc7 {[%emt 0:00:01]} 26. Qe2 {[%emt 0:02:44]} Ne8 {[%emt 0:00:14]} 27. Kb1 {[%emt 0:01:27]} Nd6 {[%emt 0:01:00]} 28. Nb5 {[%emt 0:01:06]} Qxc4 {[%emt 0:01:33]} 29. Qxe5 {[%emt 0:00:40]} Bxe5 {[%emt 0:00:46]} 30. Nxd6 {[%emt 0:00:01]} Qe2 {[%emt 0:00:16]} 31. h8=Q+ {[%emt 0:00:23]} Bxh8 {[%emt 0:00:01]} 32. Rxh8+ {[%emt 0:00:00]} Kg7 {[%emt 0:00:01]} 33. Rhh1 {[%emt 0:00:02]} Rd8 {[%emt 0:00:13]} 34. Rhe1 {[%emt 0:00:00]} Qf3 {[%emt 0:00:14]} 35. Nxb7 {[%emt 0:00:37]} Rxd5 {[%emt 0:00:02]} 36. Rc1 {[%emt 0:00:00]} Rd2 {[%emt 0:00:49]} 37. Na5 {[%emt 0:00:18]} Re2 {[%emt 0:00:15]} 38. Red1 {[%emt 0:00:01]} Qe4+ {[%emt 0:00:05]} 39. Ka1 {[%emt 0:00:02]} Rc2 {[%emt 0:00:10]} 40. Rd7+ {[%emt 0:00:04]} Kh6 {[%emt 0:00:06]} 41. Rb1 {[%emt 0:00:12]} Re2 {[%emt 0:00:40]} 42. Rdd1 {[%emt 0:00:15]} f4 {[%emt 0:00:00]} 43. Rh1+ {[%emt 0:00:18]} Kg7 {[%emt 0:00:04]} 44. Rbc1 {[%emt 0:00:04]} Qxh1 {[%emt 0:00:20]} 45. Rxh1 {[%emt 0:00:17]} f3 {[%emt 0:00:00]} 46. Rf1 {[%emt 0:00:19]} f2 {[%emt 0:00:01]} 47. Rxf2 {[%emt 0:00:01]} Rxf2 {[%emt 0:00:01]} 0-1

[Event "HUN-ch Rapid 2020"]
[Site "Ajka"]
[Date "2020.07.18"]
[Round "5.8"]
[White "Berkes, Ferenc"]
[Black "Nemeth, Zoltan"]
[Result "1-0"]
[WhiteElo "2661"]
[BlackElo "2210"]
[Annotator "TA"]
[PlyCount "47"]
[EventDate "2020.07.17"]
[EventType "swiss"]
[EventCountry "HUN"]
[SourceTitle "playchess.com"]
[Source "ChessBase"]
[SourceQuality "1"]

{[%evp 9,47,91,66,34,65,80,86,99,110,92,149,153,402,392,389,385,462,472,473,464,441,329,688,688,953,720,1623,1610,1597,1582,1515,837,2070,2001,5581,5581,29989,29990,29990,1019]} 1. d4 c5 2. d5 e5 3. e4 d6 4. Nc3 g6 5. Bb5+ Nd7 6. f4 {A44: Semi-Benoni.} exf4 7. Bxf4 a6 8. Bxd7+ $1 {White is better.} Bxd7 {[#]} 9. Nf3 $1 {[#]} Bg4 $146 (9... Nf6 $142) ({Predecessor:} 9... Qb6 10. O-O O-O-O 11. Rb1 f6 12. Kh1 g5 13. Be3 Qc7 14. Qd2 Re8 15. b4 h6 16. bxc5 dxc5 {1-0 (29) Khamitskiy,S (2324)-Belenov,D (2347) Saratov 2008}) 10. O-O $16 Bh6 $2 (10... Bg7 $16 {was worth a try.}) 11. Bxh6 $18 Nxh6 12. Qd2 Ng8 13. e5 Bxf3 14. Rxf3 dxe5 15. Re1 Kf8 $2 (15... Ne7 16. Rxe5 O-O) 16. Rxe5 Qd6 {[#]} 17. Qf4 $1 {[%csl Gf3][%cal Rf4f7][%mdl 512]} Qd7 18. Ne4 b6 19. d6 {Threatening mate with Re7!} Re8 20. h3 Kg7 {[#]} 21. Nf6 $1 {[%mdl 512]} Nxf6 22. Qxf6+ Kg8 23. Re7 Rxe7 24. dxe7 {Black got outplayed after the opening. Accuracy: White = 77%, Black = 20%.} ({Less strong is} 24. Qxe7 Qxe7 25. dxe7 Kg7 $14) 1-0